[Event "Madrid ch sf-A"]
[Site "Madrid ESP"]
[Date "2006.01.11"]
[Round "3.13"]
[White "Cabañas Bravo, Juan Andres"]
[Black "Mansilla Tolosa, Luis Eduardo"]
[Result "0-1"]
[WhiteElo "2106"]
[BlackElo "2052"]
[PlyCount "98"]
[EventDate "2006.01.23"]
[EventType "swiss"]
[EventRounds "9"]
[EventCountry "ESP"]
[Source "lmi"]
[SourceDate "2006.01.29"]

1. e4 c5 2. Nf3 d6 3. d4 cxd4 4. Nxd4 Nf6 5. Nc3 a6 6. Bg5 e5 7. Nb3 Be7 8.
Bxf6 Bxf6 9. a4 Be6 10. Nd5 Nd7 11. Qd2 Bg5 12. Qb4 Bxd5 13. exd5 Qc7 14. h4
Bh6 15. c3 Qb6 16. a5 Qxb4 17. cxb4 Nf6 18. Rd1 Ke7 19. Rh3 Rac8 20. Rc3 Ne4
21. Rxc8 Rxc8 22. f3 Ng3 23. Bd3 g6 24. Kf2 Bf4 25. b5 axb5 26. Ra1 f5 27. a6
bxa6 28. Rxa6 e4 29. fxe4 fxe4 30. Bb1 e3+ 31. Ke1 Be5 32. Rc6 Rf8 33. Bd3 Bxb2
34. Rc7+ Kf6 35. Rc2 Ba3 36. Bxb5 Ke5 37. Bc4 Rf4 38. Kd1 Rxh4 39. Rc3 Rh1+ 40.
Kc2 Kf4 41. Nd4 Rc1+ 42. Kb3 Rxc3+ 43. Kxc3 Ke4 44. Nc2 Bc5 45. Ne1 Bb6 46. Nf3
e2 47. Kc2 Ba5 48. Nd2+ Ke3 49. Bxe2 Kxe2 0-1

[Event "Madrid ch sf-A"]
[Site "Madrid ESP"]
[Date "2006.01.16"]
[Round "4.1"]
[White "Elissalt Cardenas, Hector"]
[Black "Pastor Alonso de Prado, Alberto"]
[Result "0-1"]
[WhiteElo "2346"]
[BlackElo "2192"]
[PlyCount "90"]
[EventDate "2006.01.23"]
[EventType "swiss"]
[EventRounds "9"]
[EventCountry "ESP"]
[Source "lmi"]
[SourceDate "2006.01.29"]

1. d4 d5 2. Bf4 e6 3. e3 c5 4. c3 Qb6 5. Qb3 Nc6 6. Qxb6 axb6 7. Bc7 c4 8. Bxb6
Bd6 9. e4 Nf6 10. e5 Ra6 11. Bc5 Bxc5 12. exf6 Bf8 13. fxg7 Bxg7 14. Nd2 b5 15.
f4 Nxd4 16. cxd4 Bxd4 17. Ngf3 Bxb2 18. Rb1 Rxa2 19. Be2 Ba6 20. O-O Ke7 21.
Rf2 Ba3 22. Rff1 c3 23. Ra1 Bc5+ 24. Kh1 Rxa1 25. Rxa1 cxd2 26. Rxa6 Be3 27. g3
Rc8 28. Ra3 Rc1+ 29. Kg2 Re1 30. Nxd2 Rxe2+ 31. Kf3 Bc5 32. Kxe2 Bxa3 33. Kd3
Bc5 34. g4 Kf6 35. Nf3 Bd6 36. Ke3 b4 37. Nd2 e5 38. fxe5+ Bxe5 39. h4 Bg3 40.
Nf3 b3 41. g5+ Kg6 42. Kd3 Kh5 43. Kc3 Kg4 44. Ng1 Bxh4 45. Kxb3 Bxg5 0-1

[Event "Madrid ch sf-A"]
[Site "Madrid ESP"]
[Date "2006.01.11"]
[Round "4.2"]
[White "Camacho Casado, Demetrio"]
[Black "Ballesteros Gonzalez, David"]
[Result "0-1"]
[WhiteElo "2032"]
[BlackElo "2224"]
[PlyCount "134"]
[EventDate "2006.01.23"]
[EventType "swiss"]
[EventRounds "9"]
[EventCountry "ESP"]
[Source "lmi"]
[SourceDate "2006.01.29"]

1. d4 Nf6 2. Nf3 g6 3. Bg5 Bg7 4. Nbd2 d5 5. e3 O-O 6. Bd3 b6 7. Qe2 c5 8. c3
Bb7 9. Ne5 Nfd7 10. Nxd7 Nxd7 11. f4 Qc7 12. O-O f6 13. Bh4 f5 14. Rac1 Nf6 15.
Nf3 Ne4 16. Ne5 Bf6 17. Qe1 Rad8 18. Rf3 Kg7 19. Rh3 Rg8 20. Bxe4 dxe4 21. Bg5
h5 22. Qh4 Bxe5 23. fxe5 Kf7 24. Qf4 Qc6 25. Rf1 Bc8 26. Bh4 cxd4 27. exd4 Ba6
28. Qg5 Qe6 29. Re1 b5 30. a3 Bb7 31. Rf1 Bd5 32. Rg3 Ke8 33. Re3 Kd7 34. Ree1
Rdf8 35. Qf4 a5 36. Bg5 Rb8 37. Ra1 Rgc8 38. Rfc1 Rc7 39. h4 Rbc8 40. Qe3 Qb6
41. Bf4 Be6 42. Kh2 Rc4 43. d5 Qxe3 44. dxe6+ Kxe6 45. Bxe3 Kxe5 46. g3 Rd8 47.
Rd1 Rd3 48. Bf4+ Kd5 49. Kg2 e5 50. Bg5 Rc6 51. Kf2 Kc4 52. Rxd3 exd3 53. Ke3
e4 54. Bd8 Kb3 55. Bxa5 Kxb2 56. Rd1 Kxa3 57. Bb4+ Kb3 58. Rd2 Ra6 59. Kd4 Ra1
60. Bd6 Rc1 61. Bb4 Re1 62. Bd6 Re2 63. Bf4 Rxd2 64. Bxd2 Kc2 65. Ke3 Kd1 66.
c4 bxc4 67. Bc3 Kc2 0-1

[Event "Madrid ch sf-A"]
[Site "Madrid ESP"]
[Date "2006.01.16"]
[Round "4.3"]
[White "Ruiz Saiz, Agustin"]
[Black "Gonzalez Somoza, Oliver"]
[Result "1-0"]
[WhiteElo "2246"]
[BlackElo "2218"]
[PlyCount "92"]
[EventDate "2006.01.23"]
[EventType "swiss"]
[EventRounds "9"]
[EventCountry "ESP"]
[Source "lmi"]
[SourceDate "2006.01.29"]

1. Nf3 d5 2. g3 Bg4 3. Bg2 Nd7 4. O-O e6 5. d3 Bd6 6. Qe1 Ne7 7. e4 c5 8. Nc3
O-O 9. h3 Bh5 10. Nh4 d4 11. Ne2 Rb8 12. g4 Bg6 13. f4 f5 14. Ng3 Kh8 15. gxf5
exf5 16. Nxg6+ hxg6 17. e5 Bc7 18. Kh1 b5 19. Ne2 Re8 20. c3 Nf8 21. cxd4 cxd4
22. Bd2 Ne6 23. Rc1 Nd5 24. Qg3 Kh7 25. Rg1 a5 26. Rc6 Rb6 27. Rxe6 Rbxe6 28.
Nxd4 Ra6 29. Nf3 g5 30. Nxg5+ Kg8 31. Qf3 Ne7 32. Qh5 Rg6 33. Be3 Bb6 34. Bxb6
Qxb6 35. Qh7+ Kf8 36. Qh8+ Ng8 37. Bd5 Ke7 38. Bxg8 Qc6+ 39. Kh2 Qc2+ 40. Rg2
Qc1 41. Qh4 Rxg8 42. Ne4+ Kf7 43. Nd6+ Rxd6 44. exd6 Qe3 45. Qg5 g6 46. Rc2 Qf3
1-0

[Event "Madrid ch sf-A"]
[Site "Madrid ESP"]
[Date "2006.01.16"]
[Round "4.4"]
[White "Salas Romero, Santiago"]
[Black "Rabadan Velasco, Raul"]
[Result "1-0"]
[WhiteElo "2122"]
[BlackElo "2236"]
[PlyCount "73"]
[EventDate "2006.01.23"]
[EventType "swiss"]
[EventRounds "9"]
[EventCountry "ESP"]
[Source "lmi"]
[SourceDate "2006.01.29"]

1. Nf3 f5 2. d4 Nf6 3. g3 g6 4. b4 Bg7 5. Bb2 O-O 6. Bg2 d6 7. O-O c6 8. c4 Qe8
9. Nbd2 h6 10. Qc2 Qf7 11. Nh4 Na6 12. a3 Nc7 13. e4 fxe4 14. Nxe4 g5 15. Nxf6+
Qxf6 16. Ng6 Rf7 17. Be4 Bh3 18. Rfe1 Ne6 19. Rad1 g4 20. d5 Qxb2 21. dxe6 Rf3
22. Nxe7+ Kf8 23. Ng6+ Ke8 24. Qxb2 Bxb2 25. Bxf3 gxf3 26. Re3 Bf5 27. Nh4 Bg4
28. Re4 h5 29. Re3 d5 30. cxd5 cxd5 31. Rxd5 Rc8 32. Nxf3 Bc1 33. Nd2 Rc2 34.
f3 Bh3 35. Re2 Bxa3 36. e7 Rc8 37. Rxh5 1-0

[Event "Madrid ch sf-A"]
[Site "Madrid ESP"]
[Date "2006.01.16"]
[Round "4.5"]
[White "Barez Menendez, Hector"]
[Black "Martin-Consuegra Barrilero, Javier"]
[Result "1-0"]
[WhiteElo "2229"]
[BlackElo "1973"]
[PlyCount "49"]
[EventDate "2006.01.23"]
[EventType "swiss"]
[EventRounds "9"]
[EventCountry "ESP"]
[Source "lmi"]
[SourceDate "2006.01.29"]

1. Nf3 Nf6 2. c4 c6 3. d4 d5 4. cxd5 cxd5 5. Nc3 Nc6 6. Bf4 a6 7. e3 e6 8. Bd3
Be7 9. h3 O-O 10. O-O h6 11. Rc1 Bd7 12. a3 Rc8 13. Na4 Nb8 14. Nc5 Bc6 15. Ne5
Nfd7 16. Nxc6 Rxc6 17. b4 Bxc5 18. dxc5 e5 19. Bh2 Re8 20. Bc2 Nf6 21. Ba4 b5
22. cxb6 Rxc1 23. Qxc1 Re7 24. Bxe5 Qxb6 25. Qc8+ 1-0

[Event "Madrid ch sf-A"]
[Site "Madrid ESP"]
[Date "2006.01.16"]
[Round "4.8"]
[White "Lopez de Turiso, Jose Angel"]
[Black "Suarez Triguero, Jose Alfonso"]
[Result "0-1"]
[WhiteElo "2112"]
[BlackElo "2153"]
[PlyCount "112"]
[EventDate "2006.01.23"]
[EventType "swiss"]
[EventRounds "9"]
[EventCountry "ESP"]
[Source "lmi"]
[SourceDate "2006.01.29"]

1. e4 Nf6 2. Nc3 d5 3. e5 d4 4. exf6 dxc3 5. fxg7 cxd2+ 6. Bxd2 Bxg7 7. c3 Nc6
8. Qc2 Qd5 9. Nf3 Bf5 10. Qb3 Qe4+ 11. Be2 Be6 12. Qb5 O-O-O 13. Qg5 h5 14.
Qxg7 Rdg8 15. Ng5 Qf5 16. Nxe6 Qxe6 17. Qg3 Rxg3 18. hxg3 Qe4 19. Rh4 Qc2 20.
Bxh5 Rd8 21. Rd1 Ne5 22. Be2 Nd3+ 23. Bxd3 Qxd3 24. Rd4 Rxd4 25. cxd4 Qxd4 26.
Bc3 Qe4+ 27. Kf1 Qc4+ 28. Kg1 Qxa2 29. Re1 e6 30. Rd1 Qb3 31. Rd2 Qc4 32. Kh2
b5 33. Bf6 Qe4 34. f4 a5 35. Rd8+ Kb7 36. Rd7 Qh7+ 37. Kg1 Kc6 38. Rd8 Qf5 39.
Be5 f6 40. Bd4 e5 41. Be3 Qb1+ 42. Kh2 Qh7+ 43. Kg1 Qb1+ 44. Kh2 Qxb2 45. fxe5
Qxe5 46. Bf4 Qe7 47. Ra8 a4 48. Bd2 Qh7+ 49. Kg1 Qb1+ 50. Kh2 Qd3 51. Bf4 a3
52. Ra6+ Kb7 53. Rxf6 a2 54. Be5 Qh7+ 55. Kg1 Qe4 56. Bb2 Qb1+ 0-1

[Event "Madrid ch sf-A"]
[Site "Madrid ESP"]
[Date "2006.01.16"]
[Round "4.9"]
[White "Marcos Herrero, Francisco"]
[Black "Martin Rodriguez, Emilio"]
[Result "1/2-1/2"]
[WhiteElo "1993"]
[BlackElo "2140"]
[PlyCount "87"]
[EventDate "2006.01.23"]
[EventType "swiss"]
[EventRounds "9"]
[EventCountry "ESP"]
[Source "lmi"]
[SourceDate "2006.01.29"]

1. e4 c6 2. d3 d5 3. Nd2 e5 4. Ngf3 Bd6 5. g3 Nf6 6. Bg2 O-O 7. O-O Bg4 8. Re1
Nbd7 9. c3 Bc7 10. Qc2 dxe4 11. dxe4 Nc5 12. Bf1 b5 13. h3 Bh5 14. Nh4 Bb6 15.
Ndf3 Qe7 16. Bg5 h6 17. Be3 Qe6 18. Bg2 Rad8 19. Bxc5 Bxc5 20. b4 Bb6 21. a4
Rd7 22. a5 Bc7 23. Rad1 Rfd8 24. g4 Bg6 25. Nxg6 fxg6 26. Rc1 Bd6 27. Bf1 a6
28. c4 Bxb4 29. Re3 Bc5 30. cxb5 Bxe3 31. Bc4 Rd5 32. exd5 cxd5 33. fxe3 dxc4
34. b6 Kh7 35. Qxc4 Qd7 36. Qxa6 Nxg4 37. hxg4 Qxg4+ 38. Kf2 e4 39. Nd4 Rxd4
40. exd4 Qf4+ 41. Kg2 Qf3+ 42. Kh2 Qf2+ 43. Kh1 Qf3+ 44. Kh2 1/2-1/2

[Event "Madrid ch sf-A"]
[Site "Madrid ESP"]
[Date "2006.01.16"]
[Round "4.9"]
[White "Taveira Jimenez, Manuel"]
[Black "Blanco Sanjuan, Jorge"]
[Result "0-1"]
[WhiteElo "2071"]
[BlackElo "2137"]
[PlyCount "86"]
[EventDate "2006.01.23"]
[EventType "swiss"]
[EventRounds "9"]
[EventCountry "ESP"]
[Source "lmi"]
[SourceDate "2006.01.29"]

1. e4 c5 2. d4 cxd4 3. Nf3 d6 4. Nxd4 Nf6 5. Nc3 a6 6. Be2 e6 7. O-O b5 8. Bf3
Ra7 9. a3 Be7 10. Qe2 O-O 11. Rd1 Rd7 12. e5 dxe5 13. Qxe5 Bd6 14. Qg5 Qc7 15.
Qh4 Rfd8 16. g3 Bb7 17. Bxb7 Qxb7 18. Be3 Be5 19. Rd3 b4 20. axb4 Qxb4 21. Rad1
Qxb2 22. Rb1 Qa3 23. Nd5 Qa2 24. Nc3 Qa5 25. Nb3 Qc7 26. Rxd7 Rxd7 27. Bd4 Rxd4
28. Nxd4 Qxc3 29. Ne2 Qc7 30. c4 Nc6 31. c5 Nd5 32. Qc4 a5 33. Nc1 Bc3 34. Qb5
g6 35. Nd3 Ndb4 36. Rd1 Nxd3 37. Rxd3 Bd4 38. Qb6 Qd7 39. Qb5 Qd5 40. Kf1 Ne5
41. Ra3 Nc4 42. Rd3 Qh1+ 43. Ke2 Qe4+ 0-1

[Event "Madrid ch sf-A"]
[Site "Madrid ESP"]
[Date "2006.01.16"]
[Round "4.12"]
[White "Mansilla Tolosa, Luis Eduardo"]
[Black "Andalon Gomez, Carlos J"]
[Result "0-1"]
[WhiteElo "2052"]
[BlackElo "2000"]
[PlyCount "132"]
[EventDate "2006.01.23"]
[EventType "swiss"]
[EventRounds "9"]
[EventCountry "ESP"]
[Source "lmi"]
[SourceDate "2006.01.29"]

1. e4 c6 2. d4 d5 3. Nc3 dxe4 4. Nxe4 Nd7 5. Nf3 Ngf6 6. Bd3 Nxe4 7. Bxe4 Nf6
8. Bd3 Bg4 9. c3 e6 10. Be3 Be7 11. h3 Bh5 12. Rc1 Qc7 13. Be2 O-O 14. Ne5 Bxe2
15. Qxe2 c5 16. O-O Rfd8 17. Rfd1 Rac8 18. Qf3 b5 19. g4 Bf8 20. Bg5 Rd5 21.
Bxf6 gxf6 22. Qxf6 Bg7 23. Qf4 Bxe5 24. dxe5 Qxe5 25. Qxe5 Rxe5 26. Rd7 Re2 27.
Rb1 a6 28. Kf1 Rc2 29. Ke1 c4 30. Rd6 Rc5 31. Rd2 Rxd2 32. Kxd2 h5 33. Ke2 Kg7
34. Rd1 hxg4 35. hxg4 Kg6 36. f4 Rc6 37. Kf3 a5 38. a3 Rc5 39. Rd4 f6 40. Rd8
f5 41. g5 e5 42. Rd6+ Kg7 43. Ke3 b4 44. a4 bxc3 45. bxc3 e4 46. Kd4 Rc7 47.
Rd5 Re7 48. Ke3 Kg6 49. Rd6+ Kh5 50. Rf6 Kg4 51. Rd6 Rh7 52. g6 Rh3+ 53. Kd4
Kxf4 54. Kxc4 Rg3 55. Kd4 Rd3+ 56. Kc5 Rxc3+ 57. Kd4 Rc7 58. Rd5 e3 59. Kd3 Re7
60. Ke2 Ke4 61. Rxa5 f4 62. Rg5 f3+ 63. Kd1 Rd7+ 64. Ke1 Rc7 65. Kd1 e2+ 66.
Kd2 Rd7+ 0-1

[Event "Madrid ch sf-A"]
[Site "Madrid ESP"]
[Date "2006.01.16"]
[Round "4.13"]
[White "Rodriguez Bachiller, Luis"]
[Black "Santos Ortigosa, Joaquin"]
[Result "0-1"]
[WhiteElo "1939"]
[BlackElo "1847"]
[PlyCount "74"]
[EventDate "2006.01.23"]
[EventType "swiss"]
[EventRounds "9"]
[EventCountry "ESP"]
[Source "lmi"]
[SourceDate "2006.01.29"]

1. e4 Nf6 2. e5 Nd5 3. d4 d6 4. Nf3 g6 5. c4 Nb6 6. Nc3 Bg7 7. Be2 O-O 8. O-O
Nc6 9. Bf4 Bg4 10. b3 Nd7 11. exd6 cxd6 12. Rc1 Bxf3 13. Bxf3 Nxd4 14. Bxb7 Rb8
15. Be4 f5 16. Bd5+ Kh8 17. Be3 e5 18. Bxd4 exd4 19. Nb5 Qb6 20. Qe1 Rfe8 21.
Qd2 a6 22. Na3 Ne5 23. Kh1 d3 24. f4 Ng4 25. Bf3 Ne3 26. Rfe1 Qd4 27. g3 Re7
28. Rcd1 Rbe8 29. Qxd3 Qb2 30. Nb1 Nxd1 31. Rxe7 Nf2+ 32. Kg1 Rxe7 33. Qd2 Ne4
34. Bxe4 Rxe4 35. Qxb2 Bxb2 36. Nd2 Re2 37. Nf3 Ba3 0-1

[Event "Madrid ch sf-A"]
[Site "Madrid ESP"]
[Date "2006.01.17"]
[Round "5.1"]
[White "Ballesteros Gonzalez, David"]
[Black "Pastor Alonso de Prado, Alberto"]
[Result "1-0"]
[WhiteElo "2224"]
[BlackElo "2192"]
[PlyCount "171"]
[EventDate "2006.01.23"]
[EventType "swiss"]
[EventRounds "9"]
[EventCountry "ESP"]
[Source "lmi"]
[SourceDate "2006.01.29"]

1. d4 d5 2. c4 e6 3. Nc3 Nf6 4. Nf3 Be7 5. Bg5 O-O 6. e3 h6 7. Bh4 Ne4 8. Bxe7
Qxe7 9. Qc2 Nxc3 10. Qxc3 b6 11. cxd5 exd5 12. Rc1 c6 13. Bd3 Bb7 14. Ne5 c5
15. O-O c4 16. Bb1 Nd7 17. Qc2 Nf6 18. Ng4 Rfe8 19. Rfe1 b5 20. f3 a5 21. Qf5
Kf8 22. Ne5 Qe6 23. Qf4 Rad8 24. g4 g5 25. Qg3 Kg7 26. h4 Ng8 27. f4 f6 28. Nf3
Bc8 29. Bf5 Qd6 30. Kf2 Bxf5 31. gxf5 Qd7 32. hxg5 hxg5 33. fxg5 Qxf5 34. gxf6+
Kxf6 35. Rg1 Ke6 36. Qe5+ Qxe5 37. dxe5 Ne7 38. Rg7 b4 39. Rh1 Rh8 40. Nd4+ Kd7
41. Rd1 Rh2+ 42. Rg2 Rf8+ 43. Kg1 Rxg2+ 44. Kxg2 Nf5 45. Nxf5 Rxf5 46. Rxd5+
Ke6 47. Rxa5 Rg5+ 48. Kf3 Rh5 49. Rb5 Rh3+ 50. Kf4 Rh4+ 51. Kg3 Rh8 52. Rxb4
Ra8 53. Rxc4 Rxa2 54. Rb4 Kxe5 55. Kf3 Ra8 56. Rb5+ Kd6 57. Ke4 Kc6 58. Rb3
Re8+ 59. Kd4 Rd8+ 60. Kc4 Rd2 61. e4 Re2 62. Kd4 Rd2+ 63. Ke5 Rd8 64. Rc3+ Kb5
65. Rc7 Kb6 66. Rc4 Kb5 67. Rd4 Re8+ 68. Kf4 Kc5 69. Rd2 Rf8+ 70. Ke3 Re8 71.
Kd3 Kb4 72. Re2 Rd8+ 73. Kc2 Rc8+ 74. Kb1 Re8 75. e5 Kc4 76. Kc2 Kd5 77. Kd3
Ke6 78. b4 Rb8 79. Re4 Rd8+ 80. Kc3 Rb8 81. Kc4 Rc8+ 82. Kb5 Kd5 83. Re1 Rb8+
84. Ka4 Ra8+ 85. Kb3 Ke6 86. b5 1-0

[Event "Madrid ch sf-A"]
[Site "Madrid ESP"]
[Date "2006.01.17"]
[Round "5.2"]
[White "Barez Menendez, Hector"]
[Black "Ruiz Saiz, Agustin"]
[Result "1/2-1/2"]
[WhiteElo "2229"]
[BlackElo "2246"]
[PlyCount "45"]
[EventDate "2006.01.23"]
[EventType "swiss"]
[EventRounds "9"]
[EventCountry "ESP"]
[Source "lmi"]
[SourceDate "2006.01.29"]

1. Nf3 f5 2. d4 g6 3. g3 Bg7 4. Bg2 Nf6 5. O-O O-O 6. c4 d6 7. Nc3 Qe8 8. d5
Na6 9. Rb1 Bd7 10. b4 c6 11. dxc6 bxc6 12. b5 cxb5 13. cxb5 Nc5 14. a4 Rc8 15.
Bb2 a6 16. Nd4 axb5 17. axb5 Nfe4 18. Nxe4 fxe4 19. Nb3 Bxb2 20. Nxc5 Rxc5 21.
Rxb2 Bxb5 22. Bxe4 Bc6 23. Qb3+ 1/2-1/2

[Event "Madrid ch sf-A"]
[Site "Madrid ESP"]
[Date "2006.01.17"]
[Round "5.3"]
[White "Suarez Triguero, Jose Alfonso"]
[Black "Salas Romero, Santiago"]
[Result "1/2-1/2"]
[WhiteElo "2153"]
[BlackElo "2122"]
[PlyCount "87"]
[EventDate "2006.01.23"]
[EventType "swiss"]
[EventRounds "9"]
[EventCountry "ESP"]
[Source "lmi"]
[SourceDate "2006.01.29"]

1. e4 c5 2. c4 Nc6 3. Ne2 e5 4. Nbc3 d6 5. d3 g6 6. Nd5 Be6 7. Nec3 Bg7 8. Be2
h6 9. Bg4 Nf6 10. Bxe6 fxe6 11. Nxf6+ Qxf6 12. Be3 O-O 13. O-O g5 14. Qg4 Qg6
15. h4 Rf4 16. h5 Qf7 17. Qe2 Rf6 18. Nb5 Rd8 19. g4 a6 20. Na3 Rf3 21. Kg2 Rf8
22. Nc2 Nd4 23. Bxd4 exd4 24. Ne1 Rf4 25. f3 Bf6 26. Rf2 Bd8 27. Nc2 Qf6 28.
Re1 Qe5 29. Qf1 Bc7 30. Qh1 b5 31. b3 bxc4 32. bxc4 Rb8 33. Na3 Rb4 34. Rb1 Rf8
35. Rxb4 cxb4 36. Nb1 a5 37. Nd2 a4 38. Qd1 d5 39. cxd5 exd5 40. Qxa4 Qh2+ 41.
Kf1 Qh1+ 42. Ke2 Bg3 43. Qc6 Rf4 44. Qg6+ 1/2-1/2

[Event "Madrid ch sf-A"]
[Site "Madrid ESP"]
[Date "2006.01.17"]
[Round "5.4"]
[White "Cruz, Alfredo"]
[Black "Camacho Casado, Demetrio"]
[Result "1-0"]
[WhiteElo "2254"]
[BlackElo "2032"]
[PlyCount "99"]
[EventDate "2006.01.23"]
[EventType "swiss"]
[EventRounds "9"]
[EventCountry "ESP"]
[Source "lmi"]
[SourceDate "2006.01.29"]

1. d4 d5 2. Nf3 Bf5 3. Bf4 e6 4. Nbd2 Nd7 5. e3 Ngf6 6. h3 h6 7. Bd3 Bxd3 8.
cxd3 c6 9. O-O Rg8 10. Bh2 g5 11. Ne5 Nxe5 12. dxe5 Nd7 13. a3 g4 14. hxg4 h5
15. gxh5 Qg5 16. Qf3 Nxe5 17. Bxe5 Qxe5 18. d4 Qg5 19. Rfc1 Bd6 20. g3 Rh8 21.
Kg2 Ke7 22. Rh1 Rag8 23. Rh3 Rh6 24. Rah1 f5 25. Kf1 Rgh8 26. Qe2 Kf6 27. Nf3
Qg7 28. Ne1 Qg4 29. Nd3 b6 30. b4 a5 31. Rh4 Qxe2+ 32. Kxe2 axb4 33. axb4 Ra8
34. Rc1 Ra2+ 35. Kf3 Rd2 36. Rxc6 Ke7 37. Nf4 Rb2 38. Rxb6 Rxb4 39. Rxb4 Bxb4
40. Rh1 Bd6 41. Nd3 Kf6 42. Kg2 Kg5 43. f4+ Kf6 44. Kf3 Rh8 45. Nf2 Kg7 46. g4
fxg4+ 47. Nxg4 Rf8 48. Ra1 Rf7 49. Ra6 Rd7 50. h6+ 1-0

[Event "Madrid ch sf-A"]
[Site "Madrid ESP"]
[Date "2006.01.17"]
[Round "5.5"]
[White "Rabadan Velasco, Raul"]
[Black "Elissalt Cardenas, Hector"]
[Result "0-1"]
[WhiteElo "2236"]
[BlackElo "2346"]
[PlyCount "68"]
[EventDate "2006.01.23"]
[EventType "swiss"]
[EventRounds "9"]
[EventCountry "ESP"]
[Source "lmi"]
[SourceDate "2006.01.29"]

1. e4 g6 2. Nc3 Bg7 3. d4 c6 4. Nf3 d5 5. h3 Nh6 6. Be2 f6 7. O-O Nf7 8. Re1
O-O 9. Bf1 b6 10. a4 a5 11. exd5 cxd5 12. g3 Bb7 13. h4 Na6 14. Bg2 Nc7 15. h5
g5 16. Nh2 h6 17. b3 Qd7 18. Ba3 Rfe8 19. Qd3 Ba6 20. Qf3 Rad8 21. Rad1 f5 22.
Bf1 Bxf1 23. Kxf1 e5 24. Qd3 e4 25. Qe2 g4 26. Nb5 e3 27. fxe3 Ng5 28. Kg2 Ne4
29. Qd3 Nxb5 30. axb5 Qf7 31. Nf1 Qxh5 32. Kg1 Ng5 33. Re2 Nf3+ 34. Kf2 Qh1 0-1

[Event "Madrid ch sf-A"]
[Site "Madrid ESP"]
[Date "2006.01.17"]
[Round "5.6"]
[White "Gonzalez Somoza, Oliver"]
[Black "Lorenzo Bailador, Alfredo"]
[Result "1-0"]
[WhiteElo "2218"]
[BlackElo "2091"]
[PlyCount "113"]
[EventDate "2006.01.23"]
[EventType "swiss"]
[EventRounds "9"]
[EventCountry "ESP"]
[Source "lmi"]
[SourceDate "2006.01.29"]

1. e4 e5 2. Nc3 Nf6 3. f4 d5 4. fxe5 Nxe4 5. Nf3 Be7 6. Qe2 Ng5 7. d4 c6 8. Be3
Bg4 9. h3 Nxf3+ 10. gxf3 Bf5 11. O-O-O Nd7 12. Qg2 g6 13. h4 h5 14. Kb1 Nb6 15.
b3 Qd7 16. Ne2 O-O-O 17. Ng3 Be6 18. Bd3 Rdg8 19. Rdf1 a5 20. Qd2 Qd8 21. Qxa5
Bxh4 22. Rxh4 Qxh4 23. Qxb6 Qxg3 24. Bd2 Kb8 25. Ba6 Bc8 26. Bb4 Rd8 27. Be7
Qh3 28. Bxd8 Rxd8 29. Qxd8 bxa6 30. Qd6+ Kb7 31. Qb4+ Kc7 32. Qe1 Be6 33. Qf2
Qf5 34. Qh4 Qh3 35. Qxh3 Bxh3 36. Rg1 Kb6 37. c4 Be6 38. c5+ Kb5 39. Rh1 a5 40.
Kb2 Kb4 41. a3+ Kb5 42. Kc3 Bf5 43. a4+ Ka6 44. Kd2 Kb7 45. Ke3 Kc7 46. Rh2 Kd8
47. Kf4 Ke8 48. Kg5 Ke7 49. Rb2 Kd8 50. b4 axb4 51. Rxb4 Kc7 52. a5 Bd3 53. Rb6
Bf5 54. a6 Bc8 55. a7 Bb7 56. f4 Ba8 57. Rb8 1-0

[Event "Madrid ch sf-A"]
[Site "Madrid ESP"]
[Date "2006.01.17"]
[Round "5.8"]
[White "Andalon Gomez, Carlos J"]
[Black "Blanco Sanjuan, Jorge"]
[Result "0-1"]
[WhiteElo "2000"]
[BlackElo "2137"]
[PlyCount "32"]
[EventDate "2006.01.23"]
[EventType "swiss"]
[EventRounds "9"]
[EventCountry "ESP"]
[Source "lmi"]
[SourceDate "2006.01.29"]

1. d4 Nf6 2. c4 c5 3. d5 b5 4. cxb5 a6 5. b6 g6 6. Nc3 Qxb6 7. a4 a5 8. e4 d6
9. f4 Bg7 10. Nf3 O-O 11. g3 Na6 12. Bg2 Nb4 13. Bf1 e6 14. dxe6 Bxe6 15. Be2
Bb3 16. Nd5 Nbxd5 0-1

[Event "Madrid ch sf-A"]
[Site "Madrid ESP"]
[Date "2006.01.17"]
[Round "5.9"]
[White "Santos Ortigosa, Joaquin"]
[Black "Cortes Jurado, Rafael"]
[Result "1-0"]
[WhiteElo "1847"]
[BlackElo "2116"]
[PlyCount "67"]
[EventDate "2006.01.23"]
[EventType "swiss"]
[EventRounds "9"]
[EventCountry "ESP"]
[Source "lmi"]
[SourceDate "2006.01.29"]

1. e4 c5 2. Nf3 e6 3. c3 Nf6 4. e5 Nd5 5. d4 cxd4 6. cxd4 Nc6 7. Bc4 Nb6 8. Bb3
d6 9. Bg5 Be7 10. Bxe7 Qxe7 11. Nc3 dxe5 12. dxe5 Nd7 13. Qe2 Nc5 14. Bc2 b6
15. Be4 Nxe4 16. Qxe4 Bb7 17. O-O O-O 18. a3 Na5 19. Qf4 Rac8 20. Nd2 Rfd8 21.
Nce4 Bxe4 22. Nxe4 Rc4 23. b4 Rdd4 24. f3 Nc6 25. Rac1 Rxc1 26. Rxc1 Qd7 27.
Rc3 Ne7 28. Qg3 Kh8 29. h3 Nf5 30. Qf2 h6 31. g4 Nh4 32. Nd6 Rd1+ 33. Kh2 Rd2
34. Qxd2 1-0

[Event "Madrid ch sf-A"]
[Site "Madrid ESP"]
[Date "2006.01.17"]
[Round "5.10"]
[White "Martin-Consuegra Barrilero, Javier"]
[Black "Lopez de Turiso, Jose Angel"]
[Result "0-1"]
[WhiteElo "1973"]
[BlackElo "2112"]
[PlyCount "52"]
[EventDate "2006.01.23"]
[EventType "swiss"]
[EventRounds "9"]
[EventCountry "ESP"]
[Source "lmi"]
[SourceDate "2006.01.29"]

1. d4 Nf6 2. Bg5 Ne4 3. Bf4 Nc6 4. f3 e5 5. dxe5 g5 6. Be3 Nc5 7. Qd5 b6 8. a3
Bb7 9. Qd2 h6 10. Qc3 Ne6 11. Nd2 Bg7 12. O-O-O Nxe5 13. Qb3 d5 14. Bf2 c5 15.
e4 Qf6 16. Bb5+ Kf8 17. c3 c4 18. Nxc4 dxc4 19. Bxc4 Nxc4 20. Qxc4 Kg8 21. Nh3
Rc8 22. Qb3 Kh7 23. Rd7 Rc7 24. Rxc7 Nxc7 25. Bd4 Qe6 26. Bxg7 Qxb3 0-1

[Event "Madrid ch sf-A"]
[Site "Madrid ESP"]
[Date "2006.01.17"]
[Round "5.11"]
[White "Martin Rodriguez, Emilio"]
[Black "Taveira Jimenez, Manuel"]
[Result "1-0"]
[WhiteElo "2140"]
[BlackElo "2071"]
[PlyCount "145"]
[EventDate "2006.01.23"]
[EventType "swiss"]
[EventRounds "9"]
[EventCountry "ESP"]
[Source "lmi"]
[SourceDate "2006.01.29"]

1. d4 c5 2. c3 cxd4 3. cxd4 d5 4. Nc3 g6 5. Nf3 Bg7 6. Bf4 Nc6 7. e3 a6 8. h3
b5 9. Rc1 Bb7 10. Bd3 Nf6 11. O-O O-O 12. a3 Na5 13. Rc2 Rc8 14. Qe2 Nc4 15.
Rfc1 Qd7 16. Na2 e6 17. b3 Nd6 18. Ne5 Qe7 19. Nc6 Qd7 20. Na5 Nc4 21. Nxb7
Qxb7 22. bxc4 bxc4 23. Bxc4 dxc4 24. Rxc4 Nd5 25. Bd6 Rfd8 26. Bc5 Qb5 27. Qc2
Rc7 28. Nb4 a5 29. Nxd5 exd5 30. Rc3 Rb7 31. a4 Qd7 32. Ba3 Bf8 33. Bxf8 Rxf8
34. Rc5 Rfb8 35. Rxa5 Rb2 36. Qc7 Qf5 37. Qg3 Qd3 38. Rxd5 Qb3 39. Rb5 Rxb5 40.
axb5 Qxb5 41. Qe5 Qxe5 42. dxe5 Kf8 43. Kh2 Rxf2 44. Kg3 Rf5 45. e6 fxe6 46.
Rc8+ Kg7 47. e4 Rf7 48. Kg4 Kf6 49. Rc5 h5+ 50. Kf4 Ra7 51. e5+ Kf7 52. Kg5 Rb7
53. Rc4 Kg7 54. Rc6 Kf7 55. Kh6 Ra7 56. Rc2 Ra5 57. Rc7+ Ke8 58. Kxg6 Rxe5 59.
g4 hxg4 60. hxg4 Re4 61. g5 Rf4 62. Kg7 e5 63. g6 e4 64. Rc5 Ke7 65. Kg8 e3 66.
Rc7+ Kd6 67. Rc1 Ke5 68. g7 e2 69. Re1 Rf2 70. Kh7 Rh2+ 71. Kg6 Kf4 72. Kf7 Rg2
73. Rxe2 1-0

[Event "Madrid ch sf-A"]
[Site "Madrid ESP"]
[Date "2006.01.17"]
[Round "5.13"]
[White "Mansilla Tolosa, Luis Eduardo"]
[Black "Barahona Torrijos, Angel"]
[Result "1-0"]
[WhiteElo "2052"]
[BlackElo "2045"]
[PlyCount "73"]
[EventDate "2006.01.23"]
[EventType "swiss"]
[EventRounds "9"]
[EventCountry "ESP"]
[Source "lmi"]
[SourceDate "2006.01.29"]

1. e4 e5 2. Nf3 Nc6 3. Nc3 Nf6 4. Bb5 Nd4 5. Ba4 Bc5 6. d3 Qe7 7. Bg5 c6 8. O-O
h6 9. Bh4 g5 10. Bg3 d6 11. Nxd4 Bxd4 12. Nd5 Nxd5 13. exd5 b5 14. Bb3 h5 15.
c3 Bb6 16. h3 c5 17. Re1 h4 18. Bh2 g4 19. d4 cxd4 20. cxd4 Bxd4 21. Qxd4 exd4
22. Bxd6 Qxe1+ 23. Rxe1+ Kd7 24. Bc5 Re8 25. Rd1 gxh3 26. gxh3 Bb7 27. Rxd4
Rg8+ 28. Kf1 Rae8 29. Rf4 Rg5 30. Rxf7+ Kc8 31. Be3 Rge5 32. d6 Bc6 33. Rc7+
Kd8 34. Rxc6 Kd7 35. Ra6 Rxe3 36. fxe3 Rxe3 37. Bd1 1-0